Kun chong shi jie . The world of insects

Bibliographic Details
Main Author: Xiu Gan
Format: Book
Published: China : Nothern Women Children Pub House , 2008
Subjects:

MARC

LEADER 00000cam a2200000 7i4500
001 0000138184
005 20250902121727.0
020 |a 9787538534177 
090 0 0 |a 500   |b XIU 
100 0 |a Xiu Gan 
245 1 0 |a Kun chong shi jie .   |p The world of insects   |c Xiu Gan 
260 |a China :   |b Nothern Women Children Pub House ,   |c 2008 
300 |a 95p. :   |b ill. ;   |c 23cm. 
650 0 0 |a Chinese language 
650 0 0 |a Insects   |x Juvenile literature 
999 |a 00232584   |b BUKU   |c JUNIOR MANDARIN COLLECTION   |e PERPUSTAKAAN KOMUNITI PETALING JAYA